00362nam a2200109Ia 4500008004100000082002200041100001800063245000900081260003000090300000900120650012300129211119s9999||||xx |||||||||||||| ||und|| a894.812 3 bSUD-P aSudheesh, V R 0aPuli bD c BooksaKottayamc2014 a95p. aLiterature & rhetoricv Literatures of other languagesAltaic, Uralic, Hyperborean & Dravidian MalayalamxGeneral Stack